000
00241 a2200097 4500
001
51177
100
_a
Moonis Ahmar
245
_a
Superpower Rivalry in the Indian Ocean
260
_a
Karachi
_b
University of Karachi
_c
090
_c
32405
_d
32405
942
_a
NUST-CAE
_c
M
_c
24898
999
_c
286250
_d
286250